LEADER 09434cam a2201441 c 4500
001 358056209
003 DE-627
005 20260422161034.0
007 tu
008 021211s2004 gw ||||| m 00| ||ger c
015 |a 03,N01,1965  |2 dnb 
015 |a 04,H06,3161  |2 dnb 
016 7 |a 965715817  |2 DE-101 
020 |a 3412180025  |q Gb. : ca. 49.90 EUR  |9 3-412-18002-5 
024 3 |a 9783412180027 
035 |a (DE-627)358056209 
035 |a (DE-603)108790835 
035 |a (DE-576)102587272 
035 |a (DE-599)GBV358056209 
035 |a (OCoLC)723174754 
035 |a (OCoLC)54928786 
035 |a (OCoLC)237834371 
035 |a (DE-605)HT013985845 
040 |a DE-627  |b ger  |c DE-627  |e rakwb 
041 |a ger 
044 |c XA-DE  |c XA-AT 
050 0 |a DD801.S35 
082 0 |a 943./21 
082 0 |a 943.21 
082 0 4 |a 943 
084 |a 63  |2 sdnb 
084 |a 8,1  |2 ssgn 
084 |a LB 40080  |q BVB  |2 rvk  |0 (DE-625)rvk/90549:797 
084 |a ME 2600  |q BVB  |2 rvk  |0 (DE-625)rvk/122587: 
084 |a MF 9300  |q BSZ  |2 rvk  |0 (DE-625)rvk/122809: 
084 |a NZ 13300  |q BSZ  |2 rvk  |0 (DE-625)rvk/132528: 
084 |a NZ 13430  |q BSZ  |2 rvk  |0 (DE-625)rvk/132534: 
084 |a NR 6470  |q BVB  |2 rvk  |0 (DE-625)rvk/129587: 
084 |a DD 4700  |q BSZ  |2 rvk  |0 (DE-625)rvk/19296: 
084 |a DD 4800  |q BSZ  |2 rvk  |0 (DE-625)rvk/19299: 
084 |a NZ 13340  |q BSZ  |2 rvk  |0 (DE-625)rvk/132530: 
084 |a 73.93  |2 bkl 
084 |a 15.48  |2 bkl 
090 |a a 
100 1 |a Schaarschmidt, Thomas  |d 1960-  |0 (DE-588)128919701  |0 (DE-627)385333706  |0 (DE-576)171491351  |4 aut 
245 1 0 |a Regionalkultur und Diktatur  |b sächsische Heimatbewegung und Heimat-Propaganda im Dritten Reich und in der SBZ/DDR  |c Thomas Schaarschmidt 
263 |a Gb. : ca. 49.90 EUR 
264 1 |a Köln  |a Weimar  |a Wien  |b Böhlau  |c 2004 
300 |a XV, 574 S.  |c 24 cm 
336 |a Text  |b txt  |2 rdacontent 
337 |a ohne Hilfsmittel zu benutzen  |b n  |2 rdamedia 
338 |a Band  |b nc  |2 rdacarrier 
490 1 |a Geschichte und Politik in Sachsen  |v 19 
500 |a Literaturverz. S. [529] - 547 
502 |a Zugl.: Leipzig, Univ., Habil.-Schr., 2001 
505 8 |a Quellen- und Literaturverz. S. [517] - 547 
583 1 |a Archivierung/Langzeitarchivierung gewährleistet  |f SLG  |x XA-DE-BW  |z BfZ  |2 pdager  |5 DE-24 
648 7 |a Geschichte 1936-1949  |2 gnd 
648 7 |a Geschichte 1933-1989  |2 gnd 
650 0 |a Regionalism  |z Germany  |z Saxony 
650 0 7 |0 (DE-588)4149920-7  |0 (DE-627)105557463  |0 (DE-576)209775815  |a Diktatur  |2 gnd 
650 0 7 |0 (DE-588)4033581-1  |0 (DE-627)106256629  |0 (DE-576)209002697  |a Kulturpolitik  |2 gnd 
650 0 7 |0 (DE-588)4177427-9  |0 (DE-627)105348694  |0 (DE-576)209977612  |a Regionalkultur  |2 gnd 
650 0 7 |0 (DE-588)4041316-0  |0 (DE-627)106219685  |0 (DE-576)209044454  |a Nationalsozialismus  |2 gnd 
650 0 7 |0 (DE-588)4024105-1  |0 (DE-627)104340754  |0 (DE-576)208953175  |a Heimat  |2 gnd 
650 0 7 |0 (DE-588)4031892-8  |0 (DE-627)10448389X  |0 (DE-576)208994718  |a Kommunismus  |2 gnd 
650 0 7 |0 (DE-588)4076374-2  |0 (DE-627)104637161  |0 (DE-576)209201711  |a Propaganda  |2 gnd 
650 0 7 |0 (DE-588)4125698-0  |0 (DE-627)104470348  |0 (DE-576)209578750  |a Kultur  |2 gnd 
651 0 |a Saxony (Germany)  |x History 
651 7 |0 (DE-588)4051176-5  |0 (DE-627)106178245  |0 (DE-576)209091789  |a Sachsen  |2 gnd 
655 7 |a Hochschulschrift  |0 (DE-588)4113937-9  |0 (DE-627)105825778  |0 (DE-576)209480580  |2 gnd-content 
689 0 0 |d g  |0 (DE-588)4051176-5  |0 (DE-627)106178245  |0 (DE-576)209091789  |a Sachsen  |2 gnd 
689 0 1 |d s  |0 (DE-588)4288297-7  |0 (DE-627)10427543X  |0 (DE-576)210822201  |a Heimatgefühl  |2 gnd 
689 0 2 |d s  |0 (DE-588)4229761-8  |0 (DE-627)10494563X  |0 (DE-576)210341874  |a Politische Bewegung  |2 gnd 
689 0 3 |a z  |2 gnd  |a Geschichte 1936-1949 
689 0 |5 DE-101 
689 1 0 |d s  |0 (DE-588)4149920-7  |0 (DE-627)105557463  |0 (DE-576)209775815  |a Diktatur  |2 gnd 
689 1 1 |d s  |0 (DE-588)4177427-9  |0 (DE-627)105348694  |0 (DE-576)209977612  |a Regionalkultur  |2 gnd 
689 1 2 |d s  |0 (DE-588)4275671-6  |0 (DE-627)104423668  |0 (DE-576)210716959  |a Regionale Identität  |2 gnd 
689 1 3 |d s  |0 (DE-588)4058813-0  |0 (DE-627)10475737X  |0 (DE-576)20912802X  |a Systemvergleich  |2 gnd 
689 1 |5 (DE-627) 
751 |a Leipzig  |0 (DE-588)4035206-7  |0 (DE-627)104798998  |0 (DE-576)209011246  |4 uvp 
787 0 8 |i Rezension  |a Just, Johannes, 1939 - 2017  |t Thomas Schaarschmidt, Regionalkultur und Diktatur, sächsische Heimatbewegung und Heimatpropaganda im Dritten Reich und in der SBZ/DDR  |d 2007  |w (DE-627)1343541611  |w (DE-576)273541617 
787 0 8 |i Rezension  |a Bauerkämper, Arnd, 1958 -   |t [Rezension von: Thomas Schaarschmidt, Regionalkultur und Diktatur]  |d 2005  |w (DE-627)157757320X  |w (DE-576)50757320X 
787 0 8 |i Rezension  |a Vollnhals, Clemens, 1956 -   |t [Rezension von: Thomas Schaarschmidt, Regionalkultur und Diktatur]  |d 2005  |w (DE-627)1577573374  |w (DE-576)507573374 
787 0 8 |i Rezensiert in  |a Schmeitzner, Mike, 1968 -   |t Thomas Schaarschmidt, Regionalkultur und Diktatur : sächsische Heimatbewegung und Heimat-Propaganda im Dritten Reich und in der SBZ/DDR, Köln [u.a.], Böhlau, 2004, 574 S., ISBN 3-412-18002-5  |d 2009  |w (DE-627)1632056402  |w (DE-576)438111885 
787 0 8 |i Rezensiert in  |a Schmeitzner, Mike, 1968 -   |t Thomas Schaarschmidt, Regionalkultur und Diktatur : sächsische Heimatbewegung und Heimat-Propaganda im Dritten Reich und in der SBZ/DDR, Köln [u.a.], Böhlau, 2004, 574 S., ISBN 3-412-18002-5  |d 2009  |w (DE-627)1839383941 
830 0 |a Geschichte und Politik in Sachsen  |v 19  |9 1900  |w (DE-627)231977530  |w (DE-576)053957644  |w (DE-600)1388285-5  |x 1611-5139  |7 am 
856 4 2 |u http://www.h-net.org/review/hrev-a0e7i7-aa  |v 2014-05-14  |x Verlag  |y Book review (H-Net)  |7 1 
856 4 2 |u https://swbplus.bsz-bw.de/bsz102587272inh.htm  |m B:DE-576;DE-14  |q application/pdf  |v 20100901123607  |x Verlag  |3 Inhaltsverzeichnis  |7 1 
856 4 2 |u http://www.sehepunkte.de/2005/06/6370.html  |m V:DE-576;X:Sehepunkte  |q text/html  |v 20180424123805  |3 Rezension  |7 1 
856 4 2 |u http://scans.hebis.de/HEBCGI/show.pl?10879083_toc.pdf  |m V:DE-576;B:DE-14  |q application/pdf  |3 Inhaltsverzeichnis  |7 1 
856 4 2 |u http://scans.hebis.de/HEBCGI/show.pl?10879083_bib.pdf  |m V:DE-603;B:DE-Mb50  |q application/pdf  |3 Buch Bibliographie  |7 1 
856 4 2 |u http://scans.hebis.de/HEBCGI/show.pl?10879083_cov.pdf  |m V:DE-603;B:DE-Mb50  |q application/pdf  |3 Cover  |7 1 
856 4 2 |u http://scans.hebis.de/HEBCGI/show.pl?10879083_idx.pdf  |m V:DE-603;B:DE-Mb50  |q application/pdf  |3 Register  |7 1 
935 |a SAXB 
935 |i sf 
935 |i Blocktest 
936 r v |a LB 40080  |b Sachsen  |k Sozial- und Kulturanthropologie. Empirische Kulturwissenschaft  |k Soziale und politische Organisation und Praxis  |k Gesellschaft allgemein, Alltag und Lebensweise  |k Europa  |k Mitteleuropa  |k Deutschland  |k Mittel- und Westdeutschland  |k Sachsen  |0 (DE-627)1271965275  |0 (DE-625)rvk/90549:797  |0 (DE-576)201965275 
936 r v |a ME 2600  |b Diktatur, Despotismus  |k Politologie  |k Politische Systeme: Allgemeines und Vergleich  |k Staatsformen  |k Diktatur, Despotismus  |0 (DE-627)127142679X  |0 (DE-625)rvk/122587:  |0 (DE-576)20142679X 
936 r v |a MF 9300  |b Kulturpolitik, Wissenschaftspolitik  |k Politologie  |k Politische Systeme: einzelne Elemente  |k Politische Sachgebiete  |k Kulturpolitik, Wissenschaftspolitik  |0 (DE-627)1271432110  |0 (DE-625)rvk/122809:  |0 (DE-576)201432110 
936 r v |a NZ 13300  |b Allgemeines  |k Geschichte  |k Regionale Landeskunde  |k Landesgeschichte Sachsen  |k Geschichte Sachsens nach Zeitabschnitten  |k Zeit des Nationalsozialismus (1933 - 1945)  |k Allgemeines  |0 (DE-627)1272126625  |0 (DE-625)rvk/132528:  |0 (DE-576)202126625 
936 r v |a NZ 13430  |b Allgemeines  |k Geschichte  |k Regionale Landeskunde  |k Landesgeschichte Sachsen  |k Geschichte Sachsens nach Zeitabschnitten  |k 1945 - 1990  |k Allgemeines  |0 (DE-627)1272126641  |0 (DE-625)rvk/132534:  |0 (DE-576)202126641 
936 r v |a NR 6470  |b Einzelbeiträge  |k Geschichte  |k Landes- und Stadtgeschichte (Allgemeine, Deutsche und Österreichische Landes- und Stadtgeschichte, Ausländische Stadtgeschichte, Geschichte der Auslanddeutschen)  |k Deutsche Landesgeschichte im Einzelnen (einschl. ehemaliger deutscher Gebiete)  |k Thüringen, Sachsen, Sachsen-Anhalt  |k Einzelbeiträge  |0 (DE-627)1270985426  |0 (DE-625)rvk/129587:  |0 (DE-576)200985426 
936 r v |a DD 4700  |b 20. Jahrhundert bis 2. Weltkrieg  |k Pädagogik  |k Geschichte der Pädagogik und des Bildungswesens  |k 20. Jahrhundert bis 2. Weltkrieg  |0 (DE-627)1270707043  |0 (DE-625)rvk/19296:  |0 (DE-576)200707043 
936 r v |a DD 4800  |b Gegenwart (ab 2. Weltkrieg) und 20. Jahrhundert allgemein  |k Pädagogik  |k Geschichte der Pädagogik und des Bildungswesens  |k Gegenwart (ab 2. Weltkrieg) und 20. Jahrhundert allgemein  |0 (DE-627)1270664328  |0 (DE-625)rvk/19299:  |0 (DE-576)200664328 
936 r v |a NZ 13340  |b Einzelbeiträge  |k Geschichte  |k Regionale Landeskunde  |k Landesgeschichte Sachsen  |k Geschichte Sachsens nach Zeitabschnitten  |k Zeit des Nationalsozialismus (1933 - 1945)  |k Einzelbeiträge  |0 (DE-627)1270820524  |0 (DE-625)rvk/132530:  |0 (DE-576)200820524 
936 b k |a 73.93  |j Immaterielle Kultur  |x Volkskunde  |0 (DE-627)181571463 
936 b k |a 15.48  |j Sachsen  |j Sachsen-Anhalt  |j Thüringen  |x Geschichte  |0 (DE-627)181571048 
936 s n |a d100  |2 mzub 
936 s n |a n100  |2 mzub 
936 s n |a m200  |2 mzub 
951 |a BO 
990 |a Sachsen 
990 |a Heimatgefühl 
990 |a Politische Bewegung 
990 |a Geschichte 1936-1949 
990 |a Diktatur 
990 |a Regionalkultur 
990 |a Regionale Identität 
990 |a Systemvergleich 
991 |a Rezensiertes Werk 
999 |a KXP-PPN358056209  |e 4964336638